zpět

Detail výsledku týmu

R.A.M., Jablonec nad Nisou

Datum a čas kvízu

33.5 Celkem bodů Celkový počet nahraných bodů na tomto kvízu bez doplňovacích otázek.
10. Pořadí na kvízu Konečné umístění týmu na tomto kvízu.

Zaznamenané odpovědi

# Otázka Odpověď Body Výsledky
1. Minulý týden se stalo hitem so... (Ford) Mustang, žlutá barva 1
2. Městská rada v anglickém Cambr... princ Philip 1
3. Minulý týden byly rozdány ceny... David Koller, Pam Rabbit 0.5
4. Minulý týden si žena na severu... s bambulí (od čepice) 1
5. Kteří dva olympijští vítězové... Pavel Patera, David Moravec 0
6. Věříme, že ovládáte velkou pal... Řecko 0
7. Kalaallit Nunaat, tak zní v mí... Dánsko 1
8. Vyberte zemi, jejíž zkratka ná... C 0
9. V Evropské unii žije momentáln... 1B 2A 3C 4D 1
10. Caerdydd je alternativní název... Cardiff 1